000 01003cab a22002295a 4500
001 L144254
008 080707s2008 xxkad f 000 0 eng d
035 _a(Sirsi) u144254
041 0 _aeng
100 1 _aAltabev, David
245 0 0 _aWhat's an energy performance certificate?
260 _c2008
490 0 _aEstates Review
_vJune-July 2008, 120-121(2)
520 _aExplains what an energy performance certificate is and the background to their introduction. Discusses how the market is likely to respond and how it will affect the design process and the role of the building engineer.
590 _aKA
650 2 4 _aCOMMERCIAL ENERGY PERFORMANCE CERTIFICATES
650 2 4 _aEUROPEAN ENERGY PERFORMANCE OF BUILDINGS DIRECTIVE 2002/91/EC
650 2 4 _aENERGY PERFORMANCE OF BUILDINGS (CERTIFICATES AND INSPECTIONS) (ENGLAND AND WALES) REGULATIONS 2007
651 4 _aEngland and Wales
_y1543-
690 _aENVIRONMENTAL AND LAND CONSULTANCY-ENERGY-ENERGY USE-ENERGY EFFICIENCY
942 _n0
999 _c80401
_d80401